Normal view
MARC view
Entry Personal Name
001 - CONTROL NUMBER
- control field: 163330
003 - CONTROL NUMBER IDENTIFIER
- control field: OSt
005 - DATE AND TIME OF LATEST TRANSACTION
- control field: 20220923214331.0
008 - FIXED-LENGTH DATA ELEMENTS
- fixed length control field: 220923|| aca||aabn | a|a d
040 ## - CATALOGING SOURCE
- Original cataloging agency: OSt
- Transcribing agency: OSt
100 ## - HEADING--PERSONAL NAME
- Personal name: शेट्ठी, बी0 लक्ष्मय्या
670 ## - SOURCE DATA FOUND
- Source citation: Work cat.: (OSt)323409: शेट्ठी, बी0 लक्ष्मय्या, सूरसागर में प्रतीक योजना, 1972
